[Event "DEN-ch"]
[Site "Horsens"]
[Date "1978.??.??"]
[Round "5"]
[White "Brinck Claussen, Bjorn"]
[Black "Pedersen, Erik"]
[Result "1/2-1/2"]
[WhiteElo "2385"]
[BlackElo "2200"]
[PlyCount "81"]
[EventDate "1978.??.??"]
[EventType "tourn"]
[EventRounds "11"]
[EventCountry "DEN"]
[EventCategory "4"]
[Source "ChessBase"]
[SourceDate "1999.07.01"]

1. d4 Nf6 2. c4 c5 3. d5 e6 4. Nc3 exd5 5. cxd5 d6 6. Nf3 g6 7. Nd2 Bg7 8. Nc4
O-O 9. Bg5 h6 10. Bh4 b6 11. a4 Ba6 12. e3 Qe7 13. Rc1 Nbd7 14. b3 g5 15. Bg3
Ne8 16. Be2 f5 17. Qd2 Bxc4 18. bxc4 Nef6 19. O-O Rae8 20. Qc2 Nh7 21. Bh5 f4
22. Bxe8 Qxe8 23. exf4 gxf4 24. Bh4 Qh5 25. Be7 f3 26. Qe4 Be5 27. Qh4 Qg6 28.
g3 Rf4 29. Qh3 Rg4 30. Nb5 h5 31. Rfe1 Ng5 32. Bxg5 Qxg5 33. Nxa7 h4 34. Nc6
hxg3 35. hxg3 Bxg3 36. Re8+ Nf8 37. Rxf8+ Kxf8 38. Qh8+ Kf7 39. Qh7+ Kf8 40.
Qh8+ Kf7 41. Qh7+ 1/2-1/2

[Event "DEN-ch"]
[Site "Horsens"]
[Date "1978.??.??"]
[Round "3"]
[White "Brinck Claussen, Bjorn"]
[Black "Hansen, Jacob Ost"]
[Result "1/2-1/2"]
[WhiteElo "2385"]
[BlackElo "2360"]
[PlyCount "80"]
[EventDate "1978.??.??"]
[EventType "tourn"]
[EventRounds "11"]
[EventCountry "DEN"]
[EventCategory "4"]
[Source "ChessBase"]
[SourceDate "1999.07.01"]

1. d4 Nf6 2. c4 c5 3. d5 e5 4. Nc3 d6 5. e4 Be7 6. Be2 Nbd7 7. Nf3 O-O 8. O-O
Ne8 9. Rb1 b6 10. a3 a6 11. b4 Ra7 12. Bd3 g6 13. Bh6 Ng7 14. Qd2 Nf6 15. bxc5
bxc5 16. Qc2 Ng4 17. Bd2 f5 18. Rb8 f4 19. Na4 Qc7 20. Rfb1 Nf6 21. Bc3 Nd7 22.
R8b2 Bd8 23. Nd2 g5 24. Nb3 a5 25. Be2 h5 26. f3 Nf6 27. Nc1 Ra6 28. Nb6 Bd7
29. Nxd7 Qxd7 30. Rb7 Bc7 31. Nd3 Raa8 32. Bd1 Rfb8 33. Rxb8+ Bxb8 34. Qa4 Qc8
35. Qc6 Qxc6 36. dxc6 Ne6 37. Bxa5 Ne8 38. a4 Bc7 39. Bxc7 N8xc7 40. Rb6 Nd4
1/2-1/2

[Event "DEN-ch"]
[Site "Horsens"]
[Date "1978.??.??"]
[Round "11"]
[White "Brinck Claussen, Bjorn"]
[Black "Kolbak, Jens"]
[Result "1-0"]
[WhiteElo "2385"]
[BlackElo "2350"]
[PlyCount "81"]
[EventDate "1978.??.??"]
[EventType "tourn"]
[EventRounds "11"]
[EventCountry "DEN"]
[EventCategory "4"]
[Source "ChessBase"]
[SourceDate "1999.07.01"]

1. d4 f5 2. g3 Nf6 3. Bg2 g6 4. Nf3 Bg7 5. c4 O-O 6. Nc3 d6 7. O-O Nc6 8. d5
Na5 9. Qa4 c5 10. dxc6 Nxc6 11. Rd1 Bd7 12. c5 dxc5 13. Qc4+ Kh8 14. Qxc5 Qe8
15. Bf4 Rc8 16. Nb5 b6 17. Qa3 h6 18. Nc7 Qf7 19. Ne5 Nxe5 20. Bxe5 a5 21. Rxd7
Nxd7 22. Bd5 Bxe5 23. Bxf7 Rxf7 24. Qb3 Rff8 25. Nd5 Kg7 26. Nxe7 Rc7 27. Qe6
Bf6 28. Nd5 Rb7 29. Qc6 Rfb8 30. Nc7 Nc5 31. Rd1 Be5 32. Nb5 Rf7 33. Nd6 Re7
34. Nc4 Re6 35. Qb5 a4 36. Rd5 Bc7 37. Rd7+ Nxd7 38. Qxd7+ Kf6 39. Qxc7 Rbe8
40. Nxb6 Rxe2 41. Nd5+ 1-0

[Event "DEN-ch"]
[Site "Horsens"]
[Date "1978.??.??"]
[Round "1"]
[White "Brinck Claussen, Bjorn"]
[Black "Fries Nielsen, Jens Ove"]
[Result "1/2-1/2"]
[WhiteElo "2385"]
[BlackElo "2300"]
[PlyCount "53"]
[EventDate "1978.??.??"]
[EventType "tourn"]
[EventRounds "11"]
[EventCountry "DEN"]
[EventCategory "4"]
[Source "ChessBase"]
[SourceDate "1999.07.01"]

1. d4 d5 2. c4 e6 3. Nc3 Nf6 4. Bg5 Be7 5. e3 O-O 6. Rc1 Nbd7 7. Nf3 c6 8. Bd3
dxc4 9. Bxc4 Nd5 10. Bxe7 Qxe7 11. Ne4 N5f6 12. Ng3 Qb4+ 13. Qd2 Qxd2+ 14. Kxd2
c5 15. dxc5 Nxc5 16. b4 Nce4+ 17. Nxe4 Nxe4+ 18. Ke2 Rd8 19. Rc2 Bd7 20. Bd3
Nd6 21. Rhc1 a5 22. a3 f6 23. Nd2 axb4 24. axb4 e5 25. f3 Ra4 26. Rb2 Ra3 27.
Nb1 1/2-1/2

[Event "DEN-ch"]
[Site "Horsens"]
[Date "1978.??.??"]
[Round "7"]
[White "Brinck Claussen, Bjorn"]
[Black "Hvenekilde, Jorgen"]
[Result "1/2-1/2"]
[WhiteElo "2385"]
[BlackElo "2250"]
[PlyCount "25"]
[EventDate "1978.??.??"]
[EventType "tourn"]
[EventRounds "11"]
[EventCountry "DEN"]
[EventCategory "4"]
[Source "ChessBase"]
[SourceDate "1999.07.01"]

1. d4 d5 2. c4 e5 3. dxe5 d4 4. Nf3 Nc6 5. g3 Bg4 6. Bg2 Qd7 7. O-O b6 8. Nbd2
Nge7 9. Nb3 Ng6 10. Bg5 Be7 11. Bxe7 Qxe7 12. Qc2 O-O 13. h3 1/2-1/2

[Event "DEN-ch"]
[Site "Horsens"]
[Date "1978.??.??"]
[Round "9"]
[White "Brinck Claussen, Bjorn"]
[Black "Iskov, Gert"]
[Result "1/2-1/2"]
[WhiteElo "2385"]
[BlackElo "2395"]
[PlyCount "29"]
[EventDate "1978.??.??"]
[EventType "tourn"]
[EventRounds "11"]
[EventCountry "DEN"]
[EventCategory "4"]
[Source "ChessBase"]
[SourceDate "1999.07.01"]

1. d4 d5 2. c4 dxc4 3. Nf3 Nf6 4. e3 Bg4 5. Bxc4 e6 6. h3 Bh5 7. Nc3 Nbd7 8.
O-O Bd6 9. Be2 O-O 10. e4 e5 11. dxe5 Nxe5 12. Nxe5 Bxe2 13. Nxe2 Bxe5 14. Qc2
c6 15. Be3 1/2-1/2

[Event "DEN-ch"]
[Site "Horsens"]
[Date "1978.??.??"]
[Round "11"]
[White "Fries Nielsen, Jens Ove"]
[Black "Mortensen, Erling"]
[Result "1/2-1/2"]
[WhiteElo "2300"]
[BlackElo "2365"]
[PlyCount "80"]
[EventDate "1978.??.??"]
[EventType "tourn"]
[EventRounds "11"]
[EventCountry "DEN"]
[EventCategory "4"]
[Source "ChessBase"]
[SourceDate "1999.07.01"]

1. Nf3 Nf6 2. c4 g6 3. b3 Bg7 4. Bb2 O-O 5. e3 c5 6. Be2 Nc6 7. O-O d5 8. cxd5
Qxd5 9. Nc3 Qf5 10. Qb1 Rd8 11. d3 b6 12. a3 Bb7 13. Rd1 Ng4 14. Ne4 Nge5 15.
Ng3 Qf6 16. Ra2 Qd6 17. Ba1 a5 18. Ne4 Qd7 19. Nc3 Ba6 20. Rad2 Qc7 21. Na4 Rd7
22. Ne1 f5 23. Qa2 Nf7 24. Bxg7 Kxg7 25. Rc1 e5 26. Rdc2 Rad8 27. Qb2 Qa7 28.
Nxc5 bxc5 29. Rxc5 Nb8 30. Nf3 Qb6 31. Nxe5 Nxe5 32. Rxe5 Qf6 33. d4 Bxe2 34.
Qxe2 Rb7 35. Qc4 Qb6 36. Rc3 Na6 37. Re6 Rd6 38. Re8 Kh6 39. e4 Qxd4 40. Rh3+
Kg5 1/2-1/2

[Event "DEN-ch"]
[Site "Horsens"]
[Date "1978.??.??"]
[Round "3"]
[White "Fries Nielsen, Jens Ove"]
[Black "Rosenlund, Thorbjorn"]
[Result "1-0"]
[WhiteElo "2300"]
[BlackElo "2340"]
[PlyCount "65"]
[EventDate "1978.??.??"]
[EventType "tourn"]
[EventRounds "11"]
[EventCountry "DEN"]
[EventCategory "4"]
[Source "ChessBase"]
[SourceDate "1999.07.01"]

1. d4 d5 2. Nf3 e6 3. g3 Nf6 4. Bg2 Be7 5. O-O O-O 6. c4 dxc4 7. Qa4 a6 8. Qxc4
b5 9. Qc2 Bb7 10. Bf4 Bd6 11. Nbd2 Nbd7 12. Rac1 Rc8 13. Ne5 Bxg2 14. Kxg2 Bxe5
15. dxe5 Nd5 16. Ne4 Nxf4+ 17. gxf4 Qh4 18. e3 c5 19. Kh1 f6 20. Rcd1 Rc7 21.
Rg1 fxe5 22. Ng5 Rf6 23. Qe4 Qh5 24. Qa8+ Rf8 25. Qxa6 h6 26. Qxe6+ Kh8 27.
Rxd7 hxg5 28. Rxg5 Qf3+ 29. Kg1 Rc6 30. Rgxg7 Qd1+ 31. Kg2 Rxe6 32. Rh7+ Kg8
33. Rdg7# 1-0

[Event "DEN-ch"]
[Site "Horsens"]
[Date "1978.??.??"]
[Round "7"]
[White "Fries Nielsen, Jens Ove"]
[Black "Hoi, Carsten"]
[Result "1/2-1/2"]
[WhiteElo "2300"]
[BlackElo "2340"]
[PlyCount "86"]
[EventDate "1978.??.??"]
[EventType "tourn"]
[EventRounds "11"]
[EventCountry "DEN"]
[EventCategory "4"]
[Source "ChessBase"]
[SourceDate "1999.07.01"]

1. d4 Nf6 2. c4 g6 3. Nc3 Bg7 4. e4 d6 5. Nf3 O-O 6. Be2 Nbd7 7. e5 Ne8 8. O-O
c5 9. e6 fxe6 10. Ng5 Nc7 11. Nb5 Rf6 12. Bg4 Nxb5 13. Bxe6+ Kh8 14. cxb5 Nf8
15. Nf7+ Rxf7 16. Bxf7 e6 17. dxc5 d5 18. Qf3 Bd7 19. a4 Qe7 20. Be3 Bf6 21.
Bxe6 Bxe6 22. Rab1 Nd7 23. Rfe1 Ne5 24. Qe2 Bf5 25. Rbd1 Qf7 26. Bd4 Re8 27.
Kh1 Re6 28. Qd2 Bg4 29. Bxe5 Bxe5 30. f3 Bh5 31. Qxd5 Qf4 32. Rxe5 Rxe5 33.
Qxb7 Re8 34. g4 Qxa4 35. Qd5 Qxb5 36. Qd4+ Kg8 37. gxh5 Qe2 38. Qd5+ Kg7 39.
hxg6 hxg6 40. Qd4+ Kf7 41. Qd5+ Kg7 42. c6 Rd8 43. Qxd8 Qxf3+ 1/2-1/2

[Event "DEN-ch"]
[Site "Horsens"]
[Date "1978.??.??"]
[Round "9"]
[White "Fries Nielsen, Jens Ove"]
[Black "Jakobsen, Ole"]
[Result "0-1"]
[WhiteElo "2300"]
[BlackElo "2400"]
[PlyCount "60"]
[EventDate "1978.??.??"]
[EventType "tourn"]
[EventRounds "11"]
[EventCountry "DEN"]
[EventCategory "4"]
[Source "ChessBase"]
[SourceDate "1999.07.01"]

1. d4 Nf6 2. c4 c5 3. Nf3 cxd4 4. Nxd4 a6 5. Nc3 e6 6. e4 Qc7 7. Nc2 d6 8. Be2
b6 9. O-O Bb7 10. f3 Be7 11. Be3 Nbd7 12. Rc1 O-O 13. Qe1 Rfe8 14. g4 h6 15.
Qg3 Rac8 16. h4 d5 17. Bf4 e5 18. Bd2 dxe4 19. fxe4 Nxe4 20. Nxe4 Bxe4 21. g5
hxg5 22. hxg5 Bc5+ 23. Ne3 Nf8 24. b4 Rcd8 25. Bc3 Bd4 26. Bxd4 Rxd4 27. Nd5
Bxd5 28. cxd5 Qd7 29. Bf3 Ng6 30. Rc6 Nf4 0-1

[Event "DEN-ch"]
[Site "Horsens"]
[Date "1978.??.??"]
[Round "7"]
[White "Hansen, Jacob Ost"]
[Black "Kristiansen, Jens"]
[Result "1/2-1/2"]
[WhiteElo "2360"]
[BlackElo "2395"]
[PlyCount "40"]
[EventDate "1978.??.??"]
[EventType "tourn"]
[EventRounds "11"]
[EventCountry "DEN"]
[EventCategory "4"]
[Source "ChessBase"]
[SourceDate "1999.07.01"]

1. g3 e5 2. c4 d6 3. Bg2 g6 4. Nc3 Bg7 5. d3 f5 6. e3 Nf6 7. Nge2 O-O 8. O-O c6
9. f4 a5 10. Rb1 Be6 11. b3 Re8 12. h3 Kh8 13. Kh2 Qc7 14. Bb2 Nbd7 15. Qd2 Nc5
16. Ba3 exf4 17. exf4 Bf7 18. Rfe1 Re7 19. Ng1 Rae8 20. Nf3 Rxe1 1/2-1/2

[Event "DEN-ch"]
[Site "Horsens"]
[Date "1978.??.??"]
[Round "9"]
[White "Hansen, Jacob Ost"]
[Black "Hoi, Carsten"]
[Result "1-0"]
[WhiteElo "2360"]
[BlackElo "2340"]
[PlyCount "113"]
[EventDate "1978.??.??"]
[EventType "tourn"]
[EventRounds "11"]
[EventCountry "DEN"]
[EventCategory "4"]
[Source "ChessBase"]
[SourceDate "1999.07.01"]

1. e4 g6 2. Nc3 Bg7 3. g3 d6 4. Bg2 e5 5. d3 Nc6 6. Nge2 Nge7 7. O-O O-O 8. Bg5
h6 9. Be3 Be6 10. Nd5 f5 11. c3 Qd7 12. Qd2 Kh7 13. Nxe7 Nxe7 14. f4 c6 15. b3
b6 16. Rad1 Rad8 17. Qc2 fxe4 18. dxe4 Bh3 19. fxe5 Bxe5 20. Bf4 Bxg2 21. Kxg2
Qe6 22. Rde1 Ng8 23. Nd4 Bxd4 24. cxd4 d5 25. Bc7 Rxf1 26. Rxf1 Rd7 27. Be5 c5
28. Rf4 Re7 29. Kf3 cxd4 30. Bxd4 dxe4+ 31. Qxe4 Qh3 32. Qd5 Qd7 33. Qxd7 Rxd7
34. Ke4 h5 35. Rf8 g5 36. h3 Nh6 37. a4 g4 38. hxg4 hxg4 39. Be5 Kg6 40. Rf6+
Kg5 41. Rd6 Re7 42. Kd5 Kf5 43. Rf6+ Kg5 44. Re6 Ng8 45. Rxe7 Nxe7+ 46. Ke6 Nf5
47. b4 a6 48. Kd7 Kg6 49. b5 axb5 50. axb5 Ne3 51. Kc6 Kf5 52. Bc7 Ke4 53. Bxb6
Nf5 54. Bc7 Nd4+ 55. Kc5 Nb3+ 56. Kb4 Nd4 57. Kc4 1-0

[Event "DEN-ch"]
[Site "Horsens"]
[Date "1978.??.??"]
[Round "11"]
[White "Hansen, Jacob Ost"]
[Black "Jakobsen, Ole"]
[Result "1/2-1/2"]
[WhiteElo "2360"]
[BlackElo "2400"]
[PlyCount "37"]
[EventDate "1978.??.??"]
[EventType "tourn"]
[EventRounds "11"]
[EventCountry "DEN"]
[EventCategory "4"]
[Source "ChessBase"]
[SourceDate "1999.07.01"]

1. e4 c5 2. Nc3 e6 3. g3 d5 4. d3 Nf6 5. Bg2 Be7 6. exd5 exd5 7. Bg5 O-O 8.
Nge2 d4 9. Bxf6 Bxf6 10. Nd5 Be5 11. O-O g6 12. c4 dxc3 13. bxc3 Nc6 14. Rb1
Rb8 15. d4 cxd4 16. Nxd4 Bxd4 17. cxd4 Bh3 18. Bxh3 Qxd5 19. Bg2 1/2-1/2

[Event "DEN-ch"]
[Site "Horsens"]
[Date "1978.??.??"]
[Round "2"]
[White "Hansen, Jacob Ost"]
[Black "Mortensen, Erling"]
[Result "1-0"]
[WhiteElo "2360"]
[BlackElo "2365"]
[PlyCount "73"]
[EventDate "1978.??.??"]
[EventType "tourn"]
[EventRounds "11"]
[EventCountry "DEN"]
[EventCategory "4"]
[Source "ChessBase"]
[SourceDate "1999.07.01"]

1. e4 c5 2. d3 Nc6 3. g3 Nf6 4. Bg2 d5 5. Nd2 e5 6. Ngf3 Be7 7. O-O O-O 8. c3
Re8 9. a3 Bf8 10. Re1 d4 11. c4 Rb8 12. b3 Bd7 13. Re2 b5 14. cxb5 Rxb5 15. Nc4
Qc7 16. Rb2 Reb8 17. Rab1 Ne8 18. Qc2 f6 19. h4 Be6 20. Kh2 Nd6 21. Bh3 Bf7 22.
Nfd2 Ne8 23. Nf1 g6 24. Kg1 Nd6 25. Nh2 h5 26. f4 R5b7 27. Nf3 Nb5 28. fxe5
Nxe5 29. Ncxe5 fxe5 30. Bd2 Qe7 31. Rf1 Kh7 32. Bg5 Qe8 33. Bf6 Nd6 34. Nxe5
Rxb3 35. Rxb3 Rxb3 36. Bd7 Rb2 37. Qa4 1-0

[Event "DEN-ch"]
[Site "Horsens"]
[Date "1978.??.??"]
[Round "2"]
[White "Hoi, Carsten"]
[Black "Hvenekilde, Jorgen"]
[Result "1-0"]
[WhiteElo "2340"]
[BlackElo "2250"]
[PlyCount "89"]
[EventDate "1978.??.??"]
[EventType "tourn"]
[EventRounds "11"]
[EventCountry "DEN"]
[EventCategory "4"]
[Source "ChessBase"]
[SourceDate "1999.07.01"]

1. d4 d5 2. c4 e6 3. Nc3 Nf6 4. Nf3 Nbd7 5. Bg5 Be7 6. e3 O-O 7. Rc1 Re8 8. Bd3
a6 9. cxd5 exd5 10. O-O c6 11. Qc2 Nf8 12. Rfe1 Ne4 13. Bxe7 Qxe7 14. Bxe4 dxe4
15. Nd2 f5 16. d5 Bd7 17. Qb3 c5 18. Qxb7 Reb8 19. Qc7 Rxb2 20. Nc4 Rb4 21. Nb6
Re8 22. Rb1 Bb5 23. Nxb5 Rxb5 24. d6 Qe5 25. Rxb5 axb5 26. d7 Qxc7 27. dxe8=Q
Qxb6 28. Qe5 g6 29. Rc1 Qe6 30. Rxc5 Qxa2 31. Qd5+ Qxd5 32. Rxd5 Kf7 33. Rxb5
Nd7 34. h4 h5 35. Kh2 Nf8 36. Kg3 Ne6 37. f3 exf3 38. Kxf3 Kf6 39. Rb6 Ke5 40.
Ra6 Kd5 41. Ra5+ Kd6 42. e4 Nd4+ 43. Ke3 Nc6 44. Ra6 fxe4 45. Kxe4 1-0

[Event "DEN-ch"]
[Site "Horsens"]
[Date "1978.??.??"]
[Round "10"]
[White "Hoi, Carsten"]
[Black "Kristiansen, Jens"]
[Result "1-0"]
[WhiteElo "2340"]
[BlackElo "2395"]
[PlyCount "51"]
[EventDate "1978.??.??"]
[EventType "tourn"]
[EventRounds "11"]
[EventCountry "DEN"]
[EventCategory "4"]
[Source "ChessBase"]
[SourceDate "1999.07.01"]

1. d4 Nf6 2. c4 g6 3. Nc3 Bg7 4. e4 d6 5. f3 Nc6 6. Be3 a6 7. Nge2 Rb8 8. Qd2
Bd7 9. g4 b5 10. h4 h5 11. g5 Nh7 12. O-O-O O-O 13. f4 Na5 14. Ng3 Nxc4 15.
Bxc4 bxc4 16. f5 c6 17. Rhg1 Kh8 18. Rg2 Qa5 19. Rdg1 c5 20. Nxh5 gxh5 21. g6
fxg6 22. Rxg6 Bf6 23. Qg2 cxd4 24. Rxf6 Rg8 25. Rg6 Rxg6 26. Bxd4+ 1-0

[Event "DEN-ch"]
[Site "Horsens"]
[Date "1978.??.??"]
[Round "1"]
[White "Hoi, Carsten"]
[Black "Kolbak, Jens"]
[Result "1-0"]
[WhiteElo "2340"]
[BlackElo "2350"]
[PlyCount "115"]
[EventDate "1978.??.??"]
[EventType "tourn"]
[EventRounds "11"]
[EventCountry "DEN"]
[EventCategory "4"]
[Source "ChessBase"]
[SourceDate "1999.07.01"]

1. d4 Nf6 2. c4 g6 3. Nc3 d5 4. Nf3 Bg7 5. Bg5 Ne4 6. cxd5 Nxc3 7. bxc3 Qxd5 8.
e3 c5 9. Be2 cxd4 10. exd4 Nc6 11. O-O O-O 12. Qb3 Qd6 13. Rad1 b6 14. Rfe1 Bb7
15. d5 Ne5 16. Qb4 Rfe8 17. Bb5 Nxf3+ 18. gxf3 Red8 19. Qxd6 Rxd6 20. c4 Bf6
21. Rxe7 Bxg5 22. Rxb7 Bd8 23. Re1 Bg5 24. Bc6 Kf8 25. Rc7 Rad8 26. Rxa7 Bd2
27. Ree7 Rf6 28. Kg2 Bb4 29. Reb7 Rf4 30. a4 Bc5 31. Kg3 g5 32. Bd7 Bd6 33. Kg2
h5 34. Bb5 Bc5 35. h3 Rd6 36. Ra8+ Kg7 37. Rbb8 Rd4 38. Rh8 h4 39. Rag8+ Kf6
40. Rh6+ Kf5 41. Rxd6 Bxd6 42. Rc8 Bb4 43. Rc6 Rd2 44. Kf1 Ba5 45. d6 Kf4 46.
Kg2 Ke5 47. c5 bxc5 48. d7 Rd5 49. Bc4 Rxd7 50. Rxc5+ Kd4 51. Rxa5 Kxc4 52.
Rxg5 Kd3 53. Rg4 f5 54. Rxh4 Ke2 55. Kg3 Rg7+ 56. Kf4 Kxf2 57. Kxf5 Kxf3 58. a5
1-0

[Event "DEN-ch"]
[Site "Horsens"]
[Date "1978.??.??"]
[Round "8"]
[White "Hoi, Carsten"]
[Black "Rosenlund, Thorbjorn"]
[Result "0-1"]
[WhiteElo "2340"]
[BlackElo "2340"]
[PlyCount "60"]
[EventDate "1978.??.??"]
[EventType "tourn"]
[EventRounds "11"]
[EventCountry "DEN"]
[EventCategory "4"]
[Source "ChessBase"]
[SourceDate "1999.07.01"]

1. d4 d5 2. c4 e6 3. cxd5 exd5 4. Nc3 c6 5. Nf3 Bf5 6. Bg5 Qb6 7. Qd2 Nd7 8.
O-O-O Bb4 9. e3 Ngf6 10. Bd3 Ne4 11. Bxe4 Bxe4 12. Ne1 h6 13. Bh4 Rc8 14. f3
Bg6 15. Nc2 a5 16. a3 Bxc3 17. Qxc3 O-O 18. Rhe1 c5 19. e4 cxd4 20. Qxd4 Qb3
21. Qd3 Qa2 22. Qb5 Nc5 23. Re3 dxe4 24. Rc3 Nd3+ 25. Kd2 Rxc3 26. bxc3 e3+ 27.
Kxe3 Qxc2 28. Rd2 Qxc3 29. Ke2 Nf4+ 30. Ke1 Nxg2+ 0-1

[Event "DEN-ch"]
[Site "Horsens"]
[Date "1978.??.??"]
[Round "6"]
[White "Hoi, Carsten"]
[Black "Brinck Claussen, Bjorn"]
[Result "1/2-1/2"]
[WhiteElo "2340"]
[BlackElo "2385"]
[PlyCount "80"]
[EventDate "1978.??.??"]
[EventType "tourn"]
[EventRounds "11"]
[EventCountry "DEN"]
[EventCategory "4"]
[Source "ChessBase"]
[SourceDate "1999.07.01"]

1. d4 Nf6 2. c4 e6 3. Nc3 Bb4 4. e3 O-O 5. Bd3 d5 6. Nf3 c5 7. O-O dxc4 8. Bxc4
Nbd7 9. Qe2 a6 10. a4 Ba5 11. Rd1 Qe7 12. Bd2 Bc7 13. dxc5 Qxc5 14. Rac1 Qh5
15. h3 b6 16. Nd4 Qxe2 17. Ncxe2 Be5 18. Bb4 Re8 19. f4 Bxd4 20. Nxd4 Bb7 21.
Bb3 Bd5 22. Rc7 Rac8 23. Rdc1 Rxc7 24. Rxc7 e5 25. Bxd5 Nxd5 26. Rxd7 Nxb4 27.
fxe5 Nd3 28. b3 Nxe5 29. Ra7 a5 30. Rb7 g6 31. Rxb6 Nd3 32. Rb5 Rxe3 33. Rxa5
Nc1 34. Rb5 Rd3 35. a5 Rxd4 36. a6 Nxb3 37. a7 Ra4 38. Rb8+ Kg7 39. a8=Q Rxa8
40. Rxa8 Nd4 1/2-1/2

[Event "DEN-ch"]
[Site "Horsens"]
[Date "1978.??.??"]
[Round "4"]
[White "Hoi, Carsten"]
[Black "Iskov, Gert"]
[Result "1/2-1/2"]
[WhiteElo "2340"]
[BlackElo "2395"]
[PlyCount "106"]
[EventDate "1978.??.??"]
[EventType "tourn"]
[EventRounds "11"]
[EventCountry "DEN"]
[EventCategory "4"]
[Source "ChessBase"]
[SourceDate "1999.07.01"]

1. d4 d5 2. c4 dxc4 3. Nf3 Nf6 4. e3 Bg4 5. Bxc4 e6 6. h3 Bh5 7. g4 Bg6 8. Ne5
Nbd7 9. Nxg6 hxg6 10. Nc3 Nb6 11. Bb3 c5 12. Qf3 Nfd5 13. Nxd5 exd5 14. dxc5
Bxc5 15. Bd2 Rc8 16. Bc3 O-O 17. O-O Qg5 18. Rad1 Rcd8 19. Bd4 Qe7 20. Bxc5
Qxc5 21. Rd4 a5 22. Rfd1 Qb5 23. R1d2 Rc8 24. Bxd5 Rc1+ 25. Kh2 Nxd5 26. Rxd5
Qc6 27. e4 a4 28. Qd3 Re1 29. Re2 Ra1 30. Rc2 Qf6 31. a3 Rb1 32. e5 Qf4+ 33.
Kg2 Rc1 34. Rxc1 Qxc1 35. Rd8 Qc6+ 36. Kg3 Rxd8 37. Qxd8+ Kh7 38. Qh4+ Kg8 39.
Qd8+ Kh7 40. Qe7 Qd5 41. f3 Qd4 42. Qxb7 Qxe5+ 43. Kf2 Qd4+ 44. Ke2 Qc4+ 45.
Ke3 f6 46. Qb4 Qc6 47. Qd4 Qc2 48. h4 Qb3+ 49. Kf2 Qc2+ 50. Kg3 Qc7+ 51. Kh3
Qc1 52. Qxa4 Qh1+ 53. Kg3 Qe1+ 1/2-1/2

[Event "DEN-ch"]
[Site "Horsens"]
[Date "1978.??.??"]
[Round "1"]
[White "Hvenekilde, Jorgen"]
[Black "Pedersen, Erik"]
[Result "1/2-1/2"]
[WhiteElo "2250"]
[BlackElo "2200"]
[PlyCount "34"]
[EventDate "1978.??.??"]
[EventType "tourn"]
[EventRounds "11"]
[EventCountry "DEN"]
[EventCategory "4"]
[Source "ChessBase"]
[SourceDate "1999.07.01"]

1. d4 Nf6 2. Nf3 c5 3. c3 e6 4. Bg5 d5 5. e3 Nbd7 6. Nbd2 Be7 7. Bd3 O-O 8. Qc2
c4 9. Be2 Qc7 10. Bf4 Bd6 11. Bxd6 Qxd6 12. Rd1 b5 13. e4 dxe4 14. Nxe4 Qf4 15.
Nxf6+ Nxf6 16. Ne5 Bb7 17. O-O Rad8 1/2-1/2

[Event "DEN-ch"]
[Site "Horsens"]
[Date "1978.??.??"]
[Round "6"]
[White "Hvenekilde, Jorgen"]
[Black "Mortensen, Erling"]
[Result "1-0"]
[WhiteElo "2250"]
[BlackElo "2365"]
[PlyCount "85"]
[EventDate "1978.??.??"]
[EventType "tourn"]
[EventRounds "11"]
[EventCountry "DEN"]
[EventCategory "4"]
[Source "ChessBase"]
[SourceDate "1999.07.01"]

1. e4 c5 2. Nf3 e6 3. c3 d5 4. e5 Nc6 5. d4 Bd7 6. dxc5 Bxc5 7. Bd3 Nge7 8. Bf4
Ng6 9. Bg3 O-O 10. O-O f5 11. exf6 Qxf6 12. b4 Bb6 13. Bxg6 Qxg6 14. b5 Na5 15.
Ne5 Qe8 16. a4 Rc8 17. Nd2 Rxc3 18. Qg4 Nb3 19. Rad1 Nxd2 20. Rxd2 Rf5 21. Re2
Qc8 22. Qb4 Be8 23. Nc6 Rxc6 24. bxc6 Bxc6 25. a5 Bd8 26. a6 Bb6 27. Qe7 bxa6
28. Rc1 Qd7 29. Rxe6 Rf7 30. Qxd7 Bxd7 31. Rd6 d4 32. Be5 Kf8 33. Bxd4 Ke7 34.
Rd5 Ke6 35. Re5+ Kd6 36. Rd1 Bc6 37. Rg5 Bxd4 38. Rxd4+ Kc7 39. h4 g6 40. h5
gxh5 41. Rxh5 Bd7 42. Rdh4 Bf5 43. Rf4 1-0

[Event "DEN-ch"]
[Site "Horsens"]
[Date "1978.??.??"]
[Round "3"]
[White "Hvenekilde, Jorgen"]
[Black "Kolbak, Jens"]
[Result "1-0"]
[WhiteElo "2250"]
[BlackElo "2350"]
[PlyCount "61"]
[EventDate "1978.??.??"]
[EventType "tourn"]
[EventRounds "11"]
[EventCountry "DEN"]
[EventCategory "4"]
[Source "ChessBase"]
[SourceDate "1999.07.01"]

1. d4 f5 2. Bg5 g6 3. e3 Bg7 4. h4 c5 5. Nf3 Nc6 6. c3 cxd4 7. exd4 Qc7 8. Na3
a6 9. Bd3 Nf6 10. Qe2 d6 11. Nc4 O-O 12. O-O-O b5 13. Bxf6 Bxf6 14. Ne3 e6 15.
Kb1 Rb8 16. g4 b4 17. c4 Nxd4 18. Nxd4 Bxd4 19. gxf5 Bxe3 20. Qxe3 gxf5 21.
Rhg1+ Kh8 22. f4 Qc5 23. Qg3 Rb7 24. Rg2 Qc7 25. Rdg1 Qf7 26. h5 Re7 27. h6
Rfe8 28. Qh4 Bb7 29. Rg7 Qf8 30. Rg8+ Qxg8 31. Qf6+ 1-0

[Event "DEN-ch"]
[Site "Horsens"]
[Date "1978.??.??"]
[Round "10"]
[White "Hvenekilde, Jorgen"]
[Black "Hansen, Jacob Ost"]
[Result "1/2-1/2"]
[WhiteElo "2250"]
[BlackElo "2360"]
[PlyCount "46"]
[EventDate "1978.??.??"]
[EventType "tourn"]
[EventRounds "11"]
[EventCountry "DEN"]
[EventCategory "4"]
[Source "ChessBase"]
[SourceDate "1999.07.01"]

1. d4 g6 2. c4 Bg7 3. Nc3 d6 4. e4 e5 5. dxe5 dxe5 6. Qxd8+ Kxd8 7. Bg5+ f6 8.
Rd1+ Nd7 9. Bh4 c6 10. Nf3 Kc7 11. Be2 Nh6 12. O-O a5 13. Ne1 Nc5 14. Bg3 Be6
15. f4 Rhd8 16. fxe5 fxe5 17. Nf3 Rxd1 18. Rxd1 Nf7 19. Nd4 Bd7 20. Rf1 Nd6 21.
Nb3 Nxb3 22. axb3 c5 23. Nb5+ Nxb5 1/2-1/2

[Event "DEN-ch"]
[Site "Horsens"]
[Date "1978.??.??"]
[Round "4"]
[White "Hvenekilde, Jorgen"]
[Black "Jakobsen, Ole"]
[Result "1/2-1/2"]
[WhiteElo "2250"]
[BlackElo "2400"]
[PlyCount "60"]
[EventDate "1978.??.??"]
[EventType "tourn"]
[EventRounds "11"]
[EventCountry "DEN"]
[EventCategory "4"]
[Source "ChessBase"]
[SourceDate "1999.07.01"]

1. e4 c5 2. Nf3 e6 3. c3 d5 4. e5 Nc6 5. d4 Bd7 6. Bd3 cxd4 7. cxd4 Nb4 8. Be2
Ne7 9. O-O Nf5 10. a3 Nc6 11. b4 a6 12. Nc3 Be7 13. Bb2 b5 14. Bd3 g6 15. Ne2
Qb6 16. Bxf5 gxf5 17. Nf4 a5 18. Bc3 axb4 19. Bxb4 Nxb4 20. axb4 Ra4 21. Nh5
Qd8 22. Qd2 h6 23. Rfb1 Bxb4 24. Qf4 Rxa1 25. Rxa1 Kf8 26. Nf6 Be7 27. Ra7 Be8
28. Qh4 Kg7 29. Nh5+ Kf8 30. Nf6 Kg7 1/2-1/2

[Event "DEN-ch"]
[Site "Horsens"]
[Date "1978.??.??"]
[Round "8"]
[White "Hvenekilde, Jorgen"]
[Black "Fries Nielsen, Jens Ove"]
[Result "1-0"]
[WhiteElo "2250"]
[BlackElo "2300"]
[PlyCount "37"]
[EventDate "1978.??.??"]
[EventType "tourn"]
[EventRounds "11"]
[EventCountry "DEN"]
[EventCategory "4"]
[Source "ChessBase"]
[SourceDate "1999.07.01"]

1. d4 Nf6 2. c4 e6 3. Nc3 d5 4. Bg5 Be7 5. e3 Nbd7 6. Nf3 O-O 7. Qc2 dxc4 8.
Bxc4 c5 9. Rd1 Qc7 10. d5 exd5 11. Bxd5 Ne5 12. Bf4 Nxf3+ 13. Bxf3 Qa5 14. O-O
Bg4 15. e4 c4 16. Nd5 Bxf3 17. Nxe7+ Kh8 18. gxf3 Qh5 19. Qc3 1-0